L'Atalier d'Alberto Giacometti : Les bonnes, suivi d'une lettre; L'enfant criminel; Le funambule.

Saved in:
Bibliographic Details
Main Author: Genet, Jean, 1910-
Format: Book
Language:French
Published: Decines, Isere : L'Arbalete, 1958.
LEADER 00489nam a22001451 4500
001 c000204801
003 CARM
005 20021125002000.0
008 851113s1958 fr 0 fre d
019 1 |a 4149413 
100 1 |a Genet, Jean,  |d 1910- 
245 1 2 |a L'Atalier d'Alberto Giacometti :  |b Les bonnes, suivi d'une lettre; L'enfant criminel; Le funambule. 
260 |a Decines, Isere :  |b L'Arbalete,  |c 1958. 
082 0 4 |a 842.9 
999 f f |i 4eaede77-0500-58b0-ba23-d5442f90db8c  |s ff324570-3291-5099-8d99-329a546d6d48